000 00610nam a2200229Ia 4500
003 OSt
005 20221007071938.0
006 a|||||r|||| 00| 0
007 ta
008 221006b |||||||| |||| 00| 0 eng d
024 _a11,116
037 _cTextual
040 _aFLL
_cFLL
_beng
041 _2eng
_aeng
082 _aVI:2:N3, G9
100 _aHawgood J.A.
_9689726
245 0 _aModern constitutions since 1987
260 _aLondon
_bMacmillian and Co., Limited London
_c1939
300 _a539p
_ccm.
942 _hVI:2:N3, G9
_cTEXL
_2CC
999 _c1144743
_d1144743